| 000 | 00856nam a2200217 4500 | ||
|---|---|---|---|
| 001 | 143349 | ||
| 003 | ES-MaACL | ||
| 005 | 20230906200804.0 | ||
| 007 | t| | ||
| 008 | 070214s1902 sp r ||||1| spa d | ||
| 080 | _a726.59.033.5(460) | ||
| 100 | 1 |
_aSerrano Fatigati, Enrique. _9132669 |
|
| 245 | 1 | 0 |
_aRetablos ojivales y de la transición al Renacimiento / _cpor el Ilmo. Sr. D. Enrique Serrano y Fatigati ; con fototipias de los Sres. Hauser y Menet. |
| 260 |
_aMadrid : _b[s.n.], _c1902 ( _fImp. de San Francisco de Sales) |
||
| 300 |
_a31 p., [12] h. de lám. ; _c27 cm. |
||
| 530 | _aDisponible en formato digital. | ||
| 650 | 4 |
_aRetablos góticos- _zEspaña. _9149896 |
|
| 710 | 2 |
_aHauser y Menet (Madrid) _94558 |
|
| 852 |
_aES-MaACL _jT-996-F-7 |
||
| 856 |
_uhttp://bdh-rd.bne.es/viewer.vm?id=0000092324&page=1 _zBiblioteca Digital Hispánica |
||
| 999 |
_c143349 _d143349 |
||